| 000 | 00965nam a22003137a 4500 | ||
|---|---|---|---|
| 001 | BR7312179 | ||
| 003 | BR-BrBNA | ||
| 005 | 20230928084246.0 | ||
| 007 | ta | ||
| 008 | 230509b bl.||||| |||| 00| 0 por d | ||
| 040 |
_aBR-BrBNA _bpor _cBiblioteca Nacional de Agricultura |
||
| 041 | _a(Por) | ||
| 072 |
_aF03 _b1930 _b3575 |
||
| 090 | _ 1930 BR7312179 | ||
| 100 | 1 | _aPedroso, P.A.C. | |
| 110 | 1 |
_aFaculdade de Medicina Veterinaria e Agronomia de Jaboticabal, SP (Brasil) _0Tese (Doutorado em Ciencias) _94506 |
|
| 245 | 1 | _aEstudos acerca da producao de sementes de capim jaragua (Hyparrenia rufa (Nees)Stapf)[feno, germinacao] | |
| 260 | 3 |
_aJaboticabal, SP (Brasil): _c1973. |
|
| 300 | _a47 p. | ||
| 500 | _a10 tables; 33 ref.; Summaries (Eng, Por) | ||
| 650 | _aCAPIM JARAGUA | ||
| 650 | _aSEMENTE | ||
| 650 | _aFENO | ||
| 650 | _aGERMINACAO | ||
| 650 | _aPUREZA | ||
| 650 | _aSEMEADURA | ||
| 909 |
_a202309 _bLucia _c55 _dLucia Elande |
||
| 942 | _cBK | ||
| 999 |
_c17760 _d17760 |
||